000 00829nam a2200181 a 4500
008 120416s1994 ||||||||||||||||| || u
020 _a0750621508
050 _aTA 145 Bir
100 _aBird, J. O
245 1 0 _aScience for engineering
260 _aOxford
_bNewnes
_c1994
350 _a0.00
650 7 _aSCIENCE
_2fast
650 _aENGINEERING
995 _aBINDERY (DAMAGED)
_D0.00
_e731681
_FCBU-MAIN LIBRARY (Kitwe)
_H2
_I0.00
_jTA 145 Bir
_M2
_UDAMAGED
_WApr 26, 2006
_y029377
_ZMain Library Open Access Collection
995 _aBINDERY (DAMAGED)
_D0.00
_e731560
_FCBU-MAIN LIBRARY (Kitwe)
_H3
_I0.00
_jTA 145 Bir
_M3
_UDAMAGED
_y028721
_ZMain Library Open Access Collection
995 _aBINDERY (DAMAGED)
_D0.00
_e731682
_FCBU-MAIN LIBRARY (Kitwe)
_H1
_I0.00
_jTA 145 Bir
_M1
_UDAMAGED
_WApr 25, 2006
_y029401
_ZMain Library Open Access Collection
999 _c80350
_d80350